00560nam a2200181 a 45000010010000000030011000100080041000210350026000620820016000881000024001042450042001282600052001706500018002229420012002409520091002529980020003439990015003630000-9130ELIB.Books110520 1960  a(ELIB.Books)0000-9282 a226.9 bMca aMcarthur, Harvey K. aUnderstanding the Sermon on the Mount bNew York: Harper and Brothers Publishers c1960 aNew Testament 2ddccBK 00102ddc4070aKBTSbKBTSd2011-05-20l0p11486r2022-01-22 00:00:00w2022-01-22yBK cbate2011-05-20 c9130d9130